RURAL DEVELOPMENT:TRENDS, OPPORTUNITIES AND CHALLENGES IN 21ST CENTURE (Record no. 5450)

MARC details
000 -LEADER
fixed length control field 00482nam a22001577a 4500
005 - DATE AND TIME OF LATEST TRANSACTION
control field 20210908165432.0
008 - FIXED-LENGTH DATA ELEMENTS--GENERAL INFORMATION
fixed length control field 170512b xxu||||| |||| 00| 0 eng d
020 ## - INTERNATIONAL STANDARD BOOK NUMBER
ISBN 978-81-922746-5-2
041 ## - LANGUAGE CODE
Language code of text/sound track or separate title eng
100 ## - MAIN ENTRY--AUTHOR NAME
Personal name PENKAR, DR DANIEL
245 ## - TITLE STATEMENT
Title RURAL DEVELOPMENT:TRENDS, OPPORTUNITIES AND CHALLENGES IN 21ST CENTURE
Statement of responsibility, etc DR, DANIEL PENKAR AND DR , HANSRAJ THORAT
250 ## - EDITION STATEMENT
Edition statement 1ST, 2016
260 ## - PUBLICATION, DISTRIBUTION, ETC. (IMPRINT)
Place of publication PUNE
Name of publisher S.B.PATIL INSTITUTE OF MANAGEMENT
300 ## - PHYSICAL DESCRIPTION
Number of Pages 10.44
942 ## - ADDED ENTRY ELEMENTS (KOHA)
Koha item type Books
Holdings
Lost status Damaged status Home library Current library Shelving location Date acquired Source of acquisition Full call number Accession Number Koha item type
    JRU Library JRU Library SHELF-6-D 12/05/2017 DONATION 307 21786 Books